Welcome to CU Library Online Public Access Catalogue (OPAC)

Basic marketing; (Record no. 5708)

MARC details
000 -LEADER
fixed length control field 00500nam a22001817a 4500
005 - DATE AND TIME OF LATEST TRANSACTION
control field 20250508155448.0
008 - FIXED-LENGTH DATA ELEMENTS--GENERAL INFORMATION
fixed length control field 250508b |||||||| |||| 00| 0 eng d
020 ## - INTERNATIONAL STANDARD BOOK NUMBER
International Standard Book Number 9780071221108
050 ## - LIBRARY OF CONGRESS CALL NUMBER
Classification number HF5415
Item number .13.M369 PER
100 ## - MAIN ENTRY--PERSONAL NAME
Personal name Perreault, William D.
245 ## - TITLE STATEMENT
Title Basic marketing;
Remainder of title a marketing strategy planning approach
250 ## - EDITION STATEMENT
Edition statement 18th
260 ## - PUBLICATION, DISTRIBUTION, ETC.
Place of publication, distribution, etc. New York
Name of publisher, distributor, etc. McGraw-Hill
Date of publication, distribution, etc. c2011
300 ## - PHYSICAL DESCRIPTION
Extent xxvii,746p
700 ## - ADDED ENTRY--PERSONAL NAME
Personal name Cannon, Joseph
700 ## - ADDED ENTRY--PERSONAL NAME
Personal name McCarthy, Jerome E.
942 ## - ADDED ENTRY ELEMENTS (KOHA)
Source of classification or shelving scheme Library of Congress Classification
Koha item type Books
Suppress in OPAC No
999 ## -
-- 5708
-- 5708
Holdings
Withdrawn status Lost status Source of classification or shelving scheme Damaged status Not for loan Collection Home library Current library Shelving location Date acquired Total checkouts Full call number Barcode Date last seen Copy number Price effective from Koha item type
    Library of Congress Classification     Non-fiction Undergraduate Library (Christ Temple) Undergraduate Library (Christ Temple) General stacks 05/08/2025   HF5415.13.M369 PER ulct00002303 05/08/2025 1 05/08/2025 Books
    Library of Congress Classification     Non-fiction Undergraduate Library (Christ Temple) Undergraduate Library (Christ Temple) General stacks 05/08/2025   HF5415.13.M369 PER ulct00002304 05/08/2025 2 05/08/2025 Books
© 2023-2024 Copyright: Central University Libraries. All Rights Reserved | Created by: Mahone Tech Office